|
|
|
|
| LEADER |
01842nam a2200409 a 4500 |
| 001 |
EBC3338763 |
| 003 |
MiAaPQ |
| 005 |
20200520144314.0 |
| 006 |
m o d | |
| 007 |
cr cn||||||||| |
| 008 |
070402s2008 maua s 000 0aeng |
| 010 |
|
|
|z 2007013764
|
| 015 |
|
|
|a GBA806117
|2 bnb
|
| 016 |
7 |
|
|z 014493046
|2 Uk
|
| 020 |
|
|
|z 9780262026291 (hardcover : alk. paper)
|
| 020 |
|
|
|z 0262026295 (hardcover : alk. paper)
|
| 035 |
|
|
|a (MiAaPQ)EBC3338763
|
| 035 |
|
|
|a (Au-PeEL)EBL3338763
|
| 035 |
|
|
|a (CaPaEBR)ebr10209885
|
| 035 |
|
|
|a (CaONFJC)MIL209933
|
| 035 |
|
|
|a (OCoLC)939263694
|
| 040 |
|
|
|a MiAaPQ
|c MiAaPQ
|d MiAaPQ
|
| 043 |
|
|
|a n-us---
|
| 050 |
|
4 |
|a TA140.B385
|b A3 2008
|
| 082 |
0 |
4 |
|a 620.2092
|a B
|2 22
|
| 100 |
1 |
|
|a Beranek, Leo Leroy,
|d 1914-
|
| 245 |
1 |
0 |
|a Riding the waves
|h [electronic resource] :
|b a life in sound, science, and industry /
|c Leo Beranek.
|
| 260 |
|
|
|a Cambridge, Mass. :
|b MIT Press,
|c c2008.
|
| 300 |
|
|
|a x, 235 p. :
|b ill.
|
| 505 |
0 |
|
|a Iowa and beyond: from bumble bees to ivy -- Harvard : shaping the future -- Wartime : communications and kamikazes -- MIT, teaching, writing, AT&T, and traveling -- Bolt Beranek & Newman, the United Nations, big noise, and the Internet -- Muffling the jet age -- Music, acoustics, and architecture -- America's best TV station -- Family, nonprofits, and variety -- Art + physics = beautiful music.
|
| 533 |
|
|
|a Electronic reproduction. Ann Arbor, MI : ProQuest, 2015. Available via World Wide Web. Access may be limited to ProQuest affiliated libraries.
|
| 600 |
1 |
0 |
|a Beranek, Leo Leroy,
|d 1914-
|
| 650 |
|
0 |
|a Acoustical engineering
|z United States
|v Biography.
|
| 650 |
|
0 |
|a Music-halls.
|
| 655 |
|
4 |
|a Electronic books.
|
| 710 |
2 |
|
|a ProQuest (Firm)
|
| 856 |
4 |
0 |
|u https://ebookcentral.proquest.com/lib/matrademy/detail.action?docID=3338763
|z Click to View
|